Nubia, Abu Simbel : [exhibition, 6 April-29 August, 1965].

محفوظ في:

مؤلف مشترك: Statens historiska museum (Stockholm, Sweden)

مؤلفون آخرون: Schönbäck, Bengt,‪ 1919-

التنسيق: كتاب

اللغة: English

منشور في: Stockholm : Museum of National Antiquities, 1965.

الموضوعات:

الوسوم: إضافة وسم

لا توجد وسوم, كن أول من يضع وسما على هذه التسجيلة!

رقم الطلب: DT135 .N8 S37 1965

LEADER 00750namaa2200229 4500
001 14174
003 OSt
005 20250623110119.0
008 190929s1965 sw abef c 000 0 eng d
040 |c ARCE Library 
043 |a f-ua---  |a f-sj--- 
050 4 |a DT135 .N8 S37 1965 
110 2 |a Statens historiska museum (Stockholm, Sweden),  |9 23758 
245 1 0 |a Nubia, Abu Simbel :   |b [exhibition, 6 April-29 August, 1965]. 
264 1 |a Stockholm :   |b Museum of National Antiquities,  |c 1965. 
300 |a 72 pages :  |b illustrations, 32 pl., maps, plans ;  |c 12 x 20 cm. 
651 0 |a Nubia  |x Antiquities. 
651 0 |a Abū Sunbul (Egypt)  |x Antiquities. 
700 1 |a Schönbäck, Bengt,‪  |d 1919-  |9 39484 
901 |a reviewed 
942 |c BK  |2 lcc 
999 |c 15088  |d 15088